LEADER 02671nam 2200517 450 001 9910793550303321 005 20230809232253.0 010 $a1-55844-335-5 010 $a1-55844-333-9 035 $a(CKB)4100000007925437 035 $a(MiAaPQ)EBC5212207 035 $a(EXLCZ)994100000007925437 100 $a20170411h20172017 uy| 0 101 0 $aeng 135 $aurcnu|||||||| 181 $2rdacontent 182 $2rdamedia 183 $2rdacarrier 200 10$aAfter great disasters $ean in-depth analysis of how six countries managed community recovery /$fLaurie A. Johnson and Robert B. Olshansky 210 1$aCambridge, MA :$cLincoln Institute of Land Policy,$d[2017] 210 4$dİ2017 215 $a1 online resource (389 pages) $cillustrations (some color) 311 $a1-55844-331-2 320 $aIncludes bibliographical references and index. 327 $aIntroduction: evolving approaches to managing recovery from large-scale disasters -- China : top-down, fast-paced reconstruction -- New Zealand : centralizing governance and transforming cityscapes -- Japan : national land use regulations drive recovery -- India : state-managed recovery with NGO involvement -- Indonesia : centrally managed, community-driven approaches to reconstruction -- United States : an evolving national level recovery policy -- Conclusions and recommendations -- References -- Index -- About the authors -- About Lincoln Institute of land policy. 330 $a"Considers community recovery and reconstruction following major natural disasters in six countries (China, New Zealand, India, Indonesia, Japan, United States). Identifies ways communities and governments can better organize for recovery after future disasters. Chapters discuss improving construction and design standards, renewing infrastructure, creating new land use arrangements, reinventing economies, and improving the resilience of cities and regions"--$cProvided by publisher. 606 $aCrisis management$vCase studies 606 $aNatural disasters$vCase studies 606 $aHuman settlements$vCase studies 606 $aLand use$xPlanning$vCase studies 606 $aEconomic development$vCase studies 615 0$aCrisis management 615 0$aNatural disasters 615 0$aHuman settlements 615 0$aLand use$xPlanning 615 0$aEconomic development 676 $a363.34/8 700 $aJohnson$b Laurie A.$01549414 702 $aOlshansky$b Robert B. 801 0$bMiAaPQ 801 1$bMiAaPQ 801 2$bMiAaPQ 906 $aBOOK 912 $a9910793550303321 996 $aAfter great disasters$93807446 997 $aUNINA LEADER 01633nam 2200529 450 001 9910824728903321 005 20230421025528.0 010 $a0-19-993818-0 035 $a(CKB)3710000000072876 035 $a(StDuBDS)AH24088758 035 $a(SSID)ssj0001083669 035 $a(PQKBManifestationID)11587157 035 $a(PQKBTitleCode)TC0001083669 035 $a(PQKBWorkID)11033640 035 $a(PQKB)10737969 035 $a(MiAaPQ)EBC886720 035 $a(Au-PeEL)EBL886720 035 $a(CaPaEBR)ebr10816680 035 $a(CaONFJC)MIL550681 035 $a(OCoLC)922903918 035 $a(EXLCZ)993710000000072876 100 $a20131219d1994 uy 0 101 0 $aeng 135 $aur||||||||||| 181 $ctxt 182 $cc 183 $acr 200 10$aScuttle your ships before advancing $eand other lessons from history on leadership and change for today's managers /$fRichard A. Luecke 210 1$aOxford, England :$cOxford University Press,$d1994. 210 4$dİ1994 215 $a1 online resource (212 pages) $cillustrations, maps 300 $aBibliographic Level Mode of Issuance: Monograph 311 $a0-19-508408-X 320 $aIncludes bibliographical references and index. 606 $aManagement$xHistory 606 $aManagement$vCase studies 615 0$aManagement$xHistory. 615 0$aManagement 676 $a658 700 $aLuecke$b Richard$0481482 801 0$bMiAaPQ 801 1$bMiAaPQ 801 2$bMiAaPQ 906 $aBOOK 912 $a9910824728903321 996 $aScuttle your ships before advancing$93996446 997 $aUNINA